Robert Owen's millennial gazette : explanatory of the principles and practice by which... the new existence of man upon the earth may be easily and speedily commenced /

Guardat en:
Dades bibliogràfiques
Altres autors: Owen, Robert, 1771-1858
Format: Revista
Idioma:English
Publicat: London : The author [etc.], 1856-1858
Matèries:
LEADER 01325nas a22003011a 4500
001 c000153031
003 CARM
005 20020205155251.0
008 961104d18561858enkuu p 0 uua0eng d
019 1 |a 12819785  |5 LACONCORD2021 
035 |a (OCoLC)222065136  |5 LACONCORD2021 
040 |a CLONE  |c VMOU 
043 |a e-uk 
245 0 0 |a Robert Owen's millennial gazette :  |b explanatory of the principles and practice by which... the new existence of man upon the earth may be easily and speedily commenced /  |c [Robert Owen] 
260 |a London :  |b The author [etc.],  |c 1856-1858 
362 0 |a Nos.1-16 (Mar. 22 1856-June 21 1858) 
500 |a Ceased publication. 
500 |a Reprinted in 1 v. by AMS Press, New York, 1972. 
650 0 |a Utopian socialism  |z Great Britain  |x Periodicals. 
650 0 |a Radicalism  |z Great Britain  |x Periodicals. 
651 0 |a Great Britain  |x Politics and government  |y 1837-1901  |x Periodicals. 
700 1 |a Owen, Robert,  |d 1771-1858. 
852 8 |b CARM  |h A3:AB03F0  |i C02565  |p 0093510  |f SE 
866 0 |a 1(1856:03)-16(1858:07) 
866 0 |a 1(1856:03)-16(1858:07) 
082 0 4 |a 335.1205  |2 21 
999 f f |i 881fcf50-1bd3-5768-a7da-ad904ff56b5c  |s ed620382-0417-5338-812c-82f01d499e09 
952 f f |p Can circulate  |a CAVAL  |b CAVAL  |c CAVAL  |d CARM 1 Store  |e C02565  |f A3:AB03F0  |h Other scheme  |i book  |k  1(1856:03)-16(1858:07)  |m 0093510